[Event "Lasker Köln- Porz 3"]
[Site "?"]
[Date "2022.10.16"]
[Round "3.3"]
[White "Thalwitzer, David"]
[Black "Nagel, Bernhard"]
[Result "1/2-1/2"]
[WhiteElo "2137"]
[BlackElo "2199"]
[PlyCount "119"]
[SourceVersionDate "2023.06.22"]

1. e4 e5 2. Nf3 Nc6 3. Bb5 a6 4. Ba4 Nf6 5. Qe2 Be7 6. c3 b5 7. Bb3 O-O 8. d3
d5 9. Nbd2 dxe4 10. dxe4 Bc5 11. Nf1 Na5 12. Bc2 Ng4 13. Ne3 Nxe3 14. Bxe3 Bxe3
15. Qxe3 Qe7 16. h3 Nc4 17. Qc1 Qf6 18. Bb3 Be6 19. Bxc4 bxc4 20. Qg5 Qxg5 21.
Nxg5 Rfd8 22. Nxe6 fxe6 23. Rd1 Rd6 24. Rxd6 cxd6 25. Kd2 Kf7 26. b3 cxb3 27.
axb3 Ke7 28. Ra1 Kd7 29. b4 Kc6 30. c4 Kb6 31. Ra5 Rc8 32. Kc3 Rc7 33. Kb3 Rc8
34. Ra2 Rc7 35. Rd2 Kc6 36. Ka4 Rb7 37. Ka5 Rb8 38. Rc2 Ra8 39. Rc3 Rf8 40. f3
Ra8 41. Rc2 g5 42. Rc1 Ra7 43. Rd1 Ra8 44. Re1 Ra7 45. c5 Rb7 46. cxd6 Rb5+ 47.
Ka4 Kxd6 48. Rc1 Kd7 49. Rd1+ Ke7 50. Rc1 Kd7 51. h4 gxh4 52. Rh1 Rb7 53. Rxh4
Kd6 54. Rh5 Rc7 55. Rh1 Rc2 56. g4 Ra2+ 57. Kb3 Rf2 58. Rd1+ Kc6 59. Rd3 Rf1
60. Rc3+ 1/2-1/2

[Event "Lasker Köln- Porz 3"]
[Site "?"]
[Date "2022.10.16"]
[Round "3.4"]
[White "Pfeffer, Ruprecht"]
[Black "Wagenknecht, Uwe"]
[Result "1-0"]
[WhiteElo "2268"]
[BlackElo "2126"]
[PlyCount "63"]
[SourceVersionDate "2023.06.22"]

1. e4 c5 2. Nc3 Nc6 3. Nge2 g6 4. d4 cxd4 5. Nxd4 Bg7 6. Be3 Nf6 7. Bc4 O-O 8.
Bb3 d6 9. f3 Bd7 10. Qd2 Rc8 11. O-O-O Ne5 12. Kb1 Nc4 13. Bxc4 Rxc4 14. g4 Be6
15. h4 Qa5 16. Nd5 Qd8 17. Nxf6+ Bxf6 18. b3 Rc8 19. h5 Bd7 20. g5 Be5 21. f4
Bg7 22. Qh2 Re8 23. hxg6 hxg6 24. f5 gxf5 25. exf5 Rc5 26. Ne6 fxe6 27. fxe6
Bxe6 28. Qh7+ Kf8 29. Bxc5 Bf7 30. Rhf1 Qa5 31. Rxf7+ Kxf7 32. Rf1+ 1-0

[Event "Lasker Köln- Porz 3"]
[Site "?"]
[Date "2022.10.16"]
[Round "3.5"]
[White "Evers, Leo"]
[Black "Loseries, Uwe"]
[Result "1-0"]
[WhiteElo "2083"]
[BlackElo "2184"]
[PlyCount "43"]
[SourceVersionDate "2023.06.22"]

1. d4 Nf6 2. c4 g6 3. Nc3 Bg7 4. e4 d6 5. f3 O-O 6. Be3 Nc6 7. d5 Nb8 8. Qd2 e5
9. Nge2 a6 10. g4 Ne8 11. O-O-O b5 12. Ng3 bxc4 13. h4 f5 14. gxf5 gxf5 15. Bg5
Bf6 16. exf5 Bxg5 17. hxg5 Bxf5 18. Nce4 Bg6 19. Bh3 Nd7 20. Be6+ Kh8 21. Rh6
Rxf3 22. Rxg6 1-0

[Event "Lasker Köln- Porz 3"]
[Site "?"]
[Date "2022.10.16"]
[Round "3.6"]
[White "Fox, Daniel"]
[Black "Slowik, Martin"]
[Result "1/2-1/2"]
[WhiteElo "2147"]
[BlackElo "1947"]
[PlyCount "69"]
[SourceVersionDate "2023.06.22"]

1. e4 d6 2. d4 Nf6 3. Nc3 e5 4. Nf3 Nbd7 5. Bc4 Be7 6. O-O c6 7. a4 h6 8. Re1
Qc7 9. a5 O-O 10. Nh4 Re8 11. dxe5 Nxe5 12. Bb3 Bg4 13. f3 Bd7 14. f4 Bg4 15.
Qd2 Ned7 16. h3 Be6 17. Bxe6 fxe6 18. Qf2 e5 19. Nf5 Bf8 20. Be3 b5 21. axb6
axb6 22. Rxa8 Rxa8 23. Qg3 Kh7 24. Nh4 exf4 25. Qg6+ Kh8 26. Bxf4 Ne5 27. Qf5
Ra5 28. Bxe5 dxe5 29. Qe6 Bc5+ 30. Kh2 Qd7 31. Qxd7 Nxd7 32. Rd1 Nf8 33. Nf3
Be7 34. Rd3 Ng6 35. Ne2 1/2-1/2

[Event "Lasker Köln- Porz 3"]
[Site "?"]
[Date "2022.10.16"]
[Round "3.7"]
[White "Paulus, Jeffrey"]
[Black "Cramer, Volker"]
[Result "1/2-1/2"]
[WhiteElo "1968"]
[BlackElo "2046"]
[PlyCount "67"]
[SourceVersionDate "2023.06.22"]

1. Nf3 e6 2. g3 b6 3. Bg2 Bb7 4. O-O Nf6 5. d3 Be7 6. Nbd2 O-O 7. Re1 d6 8. e4
Nbd7 9. c3 c5 10. Nf1 Qc7 11. Qc2 h6 12. h4 Ne5 13. N1h2 Rad8 14. Be3 c4 15.
Nxe5 dxe5 16. d4 Nd7 17. Qe2 Bd6 18. Ng4 Kh7 19. Nxh6 f5 20. Bg5 Rde8 21. Qh5
g6 22. Qe2 Be7 23. dxe5 Nxe5 24. exf5 Bxg5 25. hxg5 exf5 26. Qf1 Nf3+ 27. Bxf3
Bxf3 28. Qh3 Kg7 29. Qh4 b5 30. Qd4+ Kh7 31. Qh4 Kg7 32. Qd4+ Kh7 33. Qh4 Kg7
34. Qd4+ 1/2-1/2

[Event "Bonn- Katernberg 2"]
[Site "?"]
[Date "2022.10.16"]
[Round "3.1"]
[White "Gassmann, Volker"]
[Black "Dehmel, Jens"]
[Result "1-0"]
[WhiteElo "2199"]
[BlackElo "2033"]
[PlyCount "113"]
[SourceVersionDate "2023.06.22"]

1. d4 d5 2. c4 c6 3. Nc3 Nf6 4. e3 e6 5. Nf3 Nbd7 6. b3 Bb4 7. Bd2 O-O 8. Bd3
Re8 9. cxd5 Nxd5 10. Nxd5 Bxd2+ 11. Qxd2 cxd5 12. O-O Nf6 13. Rfc1 Qb6 14. Qc3
Bd7 15. Ne5 Qd6 16. Qc7 Qxc7 17. Rxc7 Rec8 18. Rxb7 Be8 19. f3 a5 20. Kf1 Rcb8
21. Rxb8 Rxb8 22. Ke1 Kf8 23. Kd2 Ke7 24. Rc1 Kd6 25. g4 h6 26. h4 Nd7 27. Rc6+
Ke7 28. Rc7 Kd6 29. Ra7 a4 30. Rxa4 Nxe5 31. dxe5+ Kxe5 32. f4+ Kf6 33. g5+
hxg5 34. hxg5+ Ke7 35. Ra7+ Kd6 36. Kc3 Bd7 37. b4 f6 38. Ra6+ Ke7 39. gxf6+
gxf6 40. a4 e5 41. fxe5 fxe5 42. b5 Rh8 43. Rg6 Rh3 44. Rg7+ Ke6 45. Kd2 Rh2+
46. Kc1 Rh3 47. a5 Rxe3 48. Kd2 Rh3 49. Bf5+ Kxf5 50. Rxd7 Ke4 51. a6 d4 52. a7
Rh2+ 53. Kc1 Ra2 54. b6 Ra1+ 55. Kc2 Ra2+ 56. Kb3 Ra6 57. Kc4 1-0

[Event "Bonn- Katernberg 2"]
[Site "?"]
[Date "2022.10.16"]
[Round "3.2"]
[White "Suppert, Timur"]
[Black "Villwock, Martin"]
[Result "1-0"]
[WhiteElo "2084"]
[BlackElo "2102"]
[PlyCount "81"]
[SourceVersionDate "2023.06.22"]

1. d4 g6 2. f4 Bg7 3. Nf3 Nf6 4. e3 O-O 5. Bd3 d6 6. b3 c5 7. Bb2 cxd4 8. exd4
Nc6 9. O-O Qb6 10. Na3 Bg4 11. Nc4 Qc7 12. Be2 Nd5 13. Qd2 b5 14. Ne3 Nxe3 15.
Qxe3 Qb6 16. Qf2 Rac8 17. Rfd1 Nb4 18. Ne1 Bxe2 19. Qxe2 Nd5 20. Qf3 e6 21. h4
b4 22. Rd3 Rc7 23. h5 Rfc8 24. hxg6 hxg6 25. f5 gxf5 26. g4 f4 27. Rad1 Qb5 28.
R1d2 Ne3 29. Qxf4 Nxc2 30. Nf3 Qd5 31. Rh2 e5 32. Qf5 Rc3 33. Bxc3 Rxc3 34.
Rxc3 bxc3 35. Rxc2 Qc6 36. dxe5 dxe5 37. Ng5 Qc5+ 38. Rf2 f6 39. Qe6+ Kh8 40.
Qe8+ Bf8 41. Qh5+ 1-0

[Event "Bonn- Katernberg 2"]
[Site "?"]
[Date "2022.10.16"]
[Round "3.3"]
[White "Scheck, Kyrill"]
[Black "Limp, Roland"]
[Result "1-0"]
[WhiteElo "2153"]
[BlackElo "1912"]
[PlyCount "53"]
[SourceVersionDate "2023.06.22"]

1. e4 c5 2. Nf3 d6 3. Bb5+ Bd7 4. Bxd7+ Qxd7 5. c4 Nc6 6. d4 cxd4 7. Nxd4 Nf6
8. Nc3 g6 9. h3 Bg7 10. Be3 O-O 11. O-O Rac8 12. b3 a6 13. a4 Qc7 14. Nd5 Qd8
15. Qd3 Nd7 16. Rfd1 Nc5 17. Qb1 e6 18. b4 Nd7 19. Nc3 Nxd4 20. Bxd4 Rxc4 21.
Bxg7 Kxg7 22. Rxd6 Qc7 23. Qd1 Nb8 24. Rc1 Rc8 25. b5 e5 26. Rd3 Rxa4 27. Qxa4
1-0

[Event "Bonn- Katernberg 2"]
[Site "?"]
[Date "2022.10.16"]
[Round "3.4"]
[White "Horstmann, Olaf"]
[Black "Dahm, Bernd"]
[Result "1-0"]
[WhiteElo "2120"]
[BlackElo "2112"]
[PlyCount "71"]
[SourceVersionDate "2023.06.22"]

1. e4 e6 2. d3 c5 3. g3 Nc6 4. Bg2 g6 5. Nc3 Bg7 6. Be3 d6 7. Qd2 h6 8. Nge2
Nd4 9. O-O Ne7 10. Nc1 Nec6 11. Nd1 e5 12. c3 Ne6 13. Ne2 Qe7 14. f4 g5 15.
fxe5 dxe5 16. Bf2 Qd6 17. Ne3 Ne7 18. Rad1 O-O 19. Nf5 Nxf5 20. exf5 Nc7 21.
Qe3 Na6 22. g4 Rb8 23. Ng3 Qb6 24. Ne4 Bd7 25. Qh3 f6 26. b4 Rfd8 27. bxc5 Qa5
28. Nxf6+ Bxf6 29. Qxh6 Ba4 30. Qxf6 Bxd1 31. Qxg5+ Kf8 32. Qf6+ Kg8 33. Qg6+
Kf8 34. f6 Qc7 35. Rxd1 Nxc5 36. Be3 1-0

[Event "Bonn- Katernberg 2"]
[Site "?"]
[Date "2022.10.16"]
[Round "3.5"]
[White "Dette, Jan"]
[Black "Sharma, Vibhor"]
[Result "1-0"]
[WhiteElo "2044"]
[BlackElo "1797"]
[PlyCount "93"]
[SourceVersionDate "2023.06.22"]

1. e4 c5 2. Nf3 Nc6 3. g3 g6 4. Bg2 Bg7 5. c3 e5 6. O-O Nge7 7. d3 O-O 8. Be3
d6 9. a3 a5 10. a4 h6 11. Na3 f5 12. Qc1 Kh7 13. Ne1 Be6 14. Nec2 d5 15. Bxc5
f4 16. f3 Qd7 17. Nb5 g5 18. b4 Rac8 19. Nd6 Ra8 20. b5 Nd8 21. Qa3 Rg8 22.
Rad1 Ng6 23. exd5 Bxd5 24. c4 Be6 25. d4 Bf5 26. Nxf5 Qxf5 27. Rf2 Ne6 28. g4
Qf7 29. Bf1 Nxc5 30. Qxc5 exd4 31. Nxd4 Rgd8 32. Rfd2 Ne5 33. Kg2 Rac8 34. Qb6
Nxc4 35. Bxc4 Qxc4 36. Qxb7 Rc7 37. Qe4+ Kh8 38. Nc6 Rxd2+ 39. Rxd2 Qxe4 40.
fxe4 Bc3 41. Rd3 Bf6 42. e5 Bg7 43. Rd8+ Kh7 44. e6 f3+ 45. Kxf3 h5 46. e7
hxg4+ 47. Kxg4 1-0

[Event "Bonn- Katernberg 2"]
[Site "?"]
[Date "2022.10.16"]
[Round "3.6"]
[White "Wahl, Felix"]
[Black "Gorainow, Nikita"]
[Result "1/2-1/2"]
[WhiteElo "2091"]
[BlackElo "2005"]
[PlyCount "84"]
[SourceVersionDate "2023.06.22"]

1. e4 c5 2. Nf3 e6 3. d4 cxd4 4. Nxd4 a6 5. Nc3 b5 6. Bd3 Bb7 7. O-O Nc6 8.
Nxc6 Bxc6 9. Be3 Qc7 10. f4 Nf6 11. e5 Nd5 12. Nxd5 Bxd5 13. Qg4 g6 14. a4 Bc5
15. Qe2 O-O 16. c3 Bxe3+ 17. Qxe3 Qb7 18. Rf2 Rfc8 19. g4 b4 20. c4 Bxc4 21.
Be4 Bd5 22. Bxd5 Qxd5 23. Rd2 Qc5 24. Qxc5 Rxc5 25. Rad1 Rc4 26. Rd4 Rac8 27.
b3 Rxd4 28. Rxd4 a5 29. Rxd7 Rc3 30. Kg2 Rxb3 31. Ra7 Ra3 32. Rxa5 b3 33. Ra8+
Kg7 34. a5 Ra2+ 35. Kg3 b2 36. Rb8 Ra3+ 37. Kg2 Rxa5 38. Rxb2 Ra4 39. Kf3 Ra3+
40. Kf2 Ra4 41. Kf3 Ra3+ 42. Kf2 Ra4 1/2-1/2

[Event "Bonn- Katernberg 2"]
[Site "?"]
[Date "2022.10.16"]
[Round "3.7"]
[White "Heldt, Maximilian"]
[Black "Wagner, Rainer"]
[Result "0-1"]
[WhiteElo "2044"]
[BlackElo "2017"]
[PlyCount "100"]
[SourceVersionDate "2023.06.22"]

1. e4 c5 2. Nf3 d6 3. d4 cxd4 4. Nxd4 Nf6 5. Nc3 a6 6. f3 e5 7. Nb3 Be6 8. Be3
h5 9. Qd2 Nbd7 10. Nd5 Nxd5 11. exd5 Bf5 12. Be2 Be7 13. O-O Bg6 14. f4 exf4
15. Bxf4 O-O 16. Bd3 Bxd3 17. Qxd3 Bg5 18. Bxg5 Qxg5 19. Rf5 Qh6 20. Raf1 g6
21. R5f4 Qg7 22. Nd4 Rae8 23. Qb3 Qe5 24. Qxb7 Nc5 25. Qb4 Qxd5 26. Nb3 Re2 27.
R4f2 Rxf2 28. Rxf2 Qd1+ 29. Rf1 Qxc2 30. Nxc5 dxc5 31. Qb7 Qc4 32. b3 Qe6 33.
h3 c4 34. bxc4 Qxc4 35. Qb2 Rc8 36. Rd1 Qc7 37. a4 Rb8 38. Qa3 Qc2 39. Rd6 Rb1+
40. Kh2 Qc7 41. Qg3 Rc1 42. a5 Kh7 43. h4 Rc4 44. Kh3 Qxa5 45. Rf6 Kg7 46. Rf3
Qc7 47. Qg5 Qd7+ 48. Kh2 Qd6+ 49. Kh3 Qe6+ 50. Kh2 Rg4 0-1

[Event "Bonn- Katernberg 2"]
[Site "?"]
[Date "2022.10.16"]
[Round "3.8"]
[White "Hoefer, Severin"]
[Black "Kaeding, Rainer"]
[Result "1/2-1/2"]
[WhiteElo "1932"]
[BlackElo "2078"]
[PlyCount "73"]
[SourceVersionDate "2023.06.22"]

1. Nf3 d5 2. e3 Nf6 3. c4 e6 4. Nc3 c6 5. b3 Bd6 6. Bb2 Nbd7 7. Qc2 Qe7 8. Be2
a6 9. Rg1 e5 10. g4 h6 11. O-O-O dxc4 12. bxc4 b5 13. h4 Ba3 14. g5 Bxb2+ 15.
Kxb2 hxg5 16. hxg5 Ng8 17. Rh1 Rxh1 18. Rxh1 Bb7 19. Ka1 b4 20. Ne4 c5 21. Qd3
Kf8 22. Rh8 Rd8 23. Qb1 Qe6 24. Bd3 Ke7 25. Nh4 g6 26. Rh7 Ke8 27. Nxg6 fxg6
28. Nf6+ Ngxf6 29. Bxg6+ Kf8 30. gxf6 Qxf6 31. Rf7+ Qxf7 32. Bxf7 Kxf7 33. Qf5+
Ke7 34. Qg5+ Ke8 35. Qh5+ Ke7 36. Qg5+ Ke8 37. Qh5+ 1/2-1/2

[Event "Bielefeld- Mülheim Nord 3"]
[Site "?"]
[Date "2022.09.25"]
[Round "2.1"]
[White "Zelbel, Patrick"]
[Black "Forchert, Martin"]
[Result "1/2-1/2"]
[WhiteElo "2458"]
[BlackElo "2306"]
[PlyCount "74"]
[SourceVersionDate "2023.06.22"]

1. e4 Nf6 2. e5 Nd5 3. d4 d6 4. c4 Nb6 5. f4 dxe5 6. fxe5 g6 7. Nc3 Bg7 8. Bf4
Nc6 9. Be3 O-O 10. Qd2 Na5 11. b3 c5 12. d5 Nd7 13. Nf3 Nxe5 14. Nxe5 Bxe5 15.
Bxc5 b6 16. Bd4 Bxd4 17. Qxd4 e5 18. Qe3 Qe7 19. Bd3 Bd7 20. O-O f5 21. Kh1
Rae8 22. Rab1 Qb4 23. Qe1 Nb7 24. Rb2 a5 25. g4 Nc5 26. Bb1 f4 27. Re2 b5 28.
Rxe5 bxc4 29. Rxe8 Rxe8 30. Qc1 cxb3 31. Rxf4 Re1+ 32. Qxe1 Qxf4 33. axb3 Qf3+
34. Kg1 Qxg4+ 35. Kh1 Qf3+ 36. Kg1 Qg4+ 37. Kh1 Qf3+ 1/2-1/2

[Event "Bielefeld- Mülheim Nord 3"]
[Site "?"]
[Date "2022.09.25"]
[Round "2.2"]
[White "Gruen, Gerd- Peter"]
[Black "Walter, Andreas"]
[Result "1/2-1/2"]
[WhiteElo "2296"]
[BlackElo "2173"]
[PlyCount "92"]
[SourceVersionDate "2023.06.22"]

1. d4 d5 2. Nf3 Nf6 3. c4 c6 4. Qc2 dxc4 5. Qxc4 Bg4 6. Nbd2 Nbd7 7. g3 e6 8.
Bg2 Be7 9. O-O O-O 10. Re1 Bh5 11. b3 Rc8 12. Bb2 b5 13. Qd3 Qb6 14. e4 Rfd8
15. h3 e5 16. Qe3 exd4 17. Bxd4 Bc5 18. Bxc5 Nxc5 19. g4 Bg6 20. Ne5 Ne6 21.
Qxb6 axb6 22. Nxg6 hxg6 23. Nf3 c5 24. Bf1 b4 25. a3 bxa3 26. Rxa3 Ra8 27. Rxa8
Rxa8 28. Bc4 Re8 29. e5 Nd7 30. Rd1 Ndf8 31. Rd6 Rb8 32. Kh2 b5 33. Bd5 Nf4 34.
Be4 N8e6 35. h4 Kf8 36. Ng5 Nxg5 37. hxg5 Ne6 38. Bd5 Nxg5 39. f4 Ne6 40. Bxe6
fxe6 41. Rxe6 c4 42. bxc4 b4 43. Rd6 b3 44. Rd1 Rb4 45. Rb1 Rxc4 46. Rxb3 Rxf4
1/2-1/2

[Event "Bielefeld- Mülheim Nord 3"]
[Site "?"]
[Date "2022.09.25"]
[Round "2.3"]
[White "Oltmanns, Jan"]
[Black "Simon, Hans- Christian"]
[Result "1-0"]
[WhiteElo "2126"]
[BlackElo "2184"]
[PlyCount "75"]
[SourceVersionDate "2023.06.22"]

1. e4 e5 2. Nf3 Nf6 3. Nxe5 d6 4. Nf3 Nxe4 5. d4 d5 6. Bd3 Bd6 7. O-O O-O 8. c4
c6 9. c5 Bc7 10. Qb3 b6 11. Be3 Be6 12. Qc2 f5 13. Re1 b5 14. Nbd2 Nd7 15. Ng5
Bf7 16. Nxf7 Rxf7 17. f3 Nxd2 18. Qxd2 Qh4 19. g3 Qf6 20. Bf2 a5 21. a4 b4 22.
Re2 Nf8 23. Rae1 Rd8 24. b3 g6 25. Kg2 Kg7 26. h4 h5 27. Qg5 Rdd7 28. Qxf6+
Rxf6 29. g4 fxg4 30. fxg4 hxg4 31. Re7+ Rxe7 32. Rxe7+ Rf7 33. Re8 Kf6 34. Be3
Ne6 35. Bxg6 Rg7 36. h5 Nf4+ 37. Bxf4 Bxf4 38. Rf8+ 1-0

[Event "Bielefeld- Mülheim Nord 3"]
[Site "?"]
[Date "2022.09.25"]
[Round "2.4"]
[White "Goessling, Guido"]
[Black "Kahleys, Kevin"]
[Result "1/2-1/2"]
[WhiteElo "2158"]
[BlackElo "2202"]
[PlyCount "276"]
[SourceVersionDate "2023.06.22"]

1. e4 e6 2. d4 d5 3. Nc3 Nf6 4. e5 Nfd7 5. f4 c5 6. Nf3 Nc6 7. Be3 Qa5 8. a3
Qb6 9. Be2 cxd4 10. Nxd4 Nxd4 11. Bxd4 Bc5 12. Na4 Qa5+ 13. c3 Bxd4 14. Qxd4
O-O 15. O-O b6 16. Qb4 Qxb4 17. axb4 a6 18. Kf2 Bb7 19. Ke3 Rac8 20. Kd4 Rc7
21. b3 Rfc8 22. Rfc1 f6 23. Nb2 Nb8 24. Nd3 Nc6+ 25. Ke3 a5 26. Kd2 Ba6 27.
bxa5 Nxa5 28. Ra3 fxe5 29. fxe5 Rf8 30. Bg4 Re7 31. Nb4 Bb5 32. Ke3 g6 33. Nc2
h5 34. Bh3 g5 35. Nd4 Bd7 36. g3 g4 37. Bg2 Ref7 38. Rc2 Rg7 39. Raa2 Rg5 40.
Re2 Rxe5+ 41. Kd3 Rxe2 42. Rxe2 Nxb3 43. Nxb3 Bb5+ 44. Kd2 Bxe2 45. Kxe2 Ra8
46. Nc1 Kf7 47. h3 gxh3 48. Bxh3 Ra3 49. Kd2 Kf6 50. Bg2 d4 51. Ne2 Ra2+ 52.
Kd3 dxc3 53. Bf3 b5 54. Nxc3 Ra3 55. Kc2 b4 56. Ne4+ Kg6 57. Be2 Ra2+ 58. Kd1
Kf5 59. Nc5 Ra5 60. Nd3 b3 61. Bxh5 Ke4 62. Bg6+ Ke3 63. Kc1 Rg5 64. Nf4 Rxg3
65. Bf7 e5 66. Nd5+ Kd4 67. Kb2 e4 68. Nb4 Kc5 69. Na6+ Kb5 70. Nc7+ Kc6 71.
Nd5 Rf3 72. Bg8 Rf8 73. Nc3 Rxg8 74. Nxe4 Rb8 75. Nd2 Kd5 76. Kc3 b2 77. Nb1
Kc5 78. Kc2 Rb4 79. Kc3 Kb5 80. Kc2 Ka4 81. Kc3 Kb5 82. Na3+ Kc5 83. Nb1 Rb7
84. Kc2 Kd4 85. Nd2 Rb8 86. Nb1 Rg8 87. Kxb2 Kd3 88. Kb3 Rb8+ 89. Ka2 Rb4 90.
Na3 Kc3 91. Nb1+ Kc2 92. Na3+ Kc1 93. Ka1 Rb2 94. Nc4 Rh2 95. Na3 Rf2 96. Nb5
Kc2 97. Ka2 Rf4 98. Na3+ Kc3 99. Nb1+ Kb4 100. Kb2 Rf2+ 101. Kc1 Rh2 102. Nd2
Kc3 103. Nb1+ Kd3 104. Na3 Ra2 105. Nb1 Ra7 106. Kb2 Rb7+ 107. Kc1 Rc7+ 108.
Kb2 Rc2+ 109. Kb3 Rc8 110. Kb2 Rc7 111. Na3 Rb7+ 112. Kc1 Rb8 113. Nb1 Rb3 114.
Nd2 Rc3+ 115. Kd1 Rc8 116. Nb1 Rc5 117. Na3 Ra5 118. Nb1 Ra2 119. Kc1 Rc2+ 120.
Kd1 Rc5 121. Na3 Ra5 122. Nb1 Ra4 123. Kc1 Rc4+ 124. Kd1 Rc2 125. Na3 Rh2 126.
Kc1 Kd4 127. Nb1 Kc4 128. Nd2+ Kd3 129. Nb1 Rg2 130. Na3 Ra2 131. Nb1 Ra4 132.
Kb2 Rb4+ 133. Kc1 Rb3 134. Nd2 Rc3+ 135. Kd1 Ke3 136. Nf1+ Kf2 137. Nd2 Rd3
138. Kc2 Rxd2+ 1/2-1/2

[Event "Bielefeld- Mülheim Nord 3"]
[Site "?"]
[Date "2022.09.25"]
[Round "2.5"]
[White "Limbourg, Philipp"]
[Black "Beilfuß, Wilfried"]
[Result "1/2-1/2"]
[WhiteElo "2219"]
[BlackElo "2155"]
[PlyCount "46"]
[SourceVersionDate "2023.06.22"]

1. e4 c5 2. Nc3 Nc6 3. f4 g6 4. Nf3 Bg7 5. Bb5 Nd4 6. O-O Nxb5 7. Nxb5 d5 8.
exd5 a6 9. Nc3 Nf6 10. d4 Nxd5 11. dxc5 Nxc3 12. Qxd8+ Kxd8 13. bxc3 Bxc3 14.
Rb1 Kc7 15. Be3 Be6 16. a4 Bc4 17. Rf2 Rhd8 18. Nd2 Ba2 19. Rbf1 f5 20. Nf3 Bd5
21. Rb1 Ba2 22. Rbf1 Bf6 23. Re1 Rd7 1/2-1/2

[Event "Bielefeld- Mülheim Nord 3"]
[Site "?"]
[Date "2022.09.25"]
[Round "2.6"]
[White "Danielmeier, Ralf"]
[Black "Kuipers, Dustin"]
[Result "1/2-1/2"]
[WhiteElo "2070"]
[BlackElo "2150"]
[PlyCount "28"]
[SourceVersionDate "2023.06.22"]

1. e4 c5 2. Nc3 Nc6 3. g3 g6 4. Bg2 Bg7 5. d3 d6 6. Be3 Nf6 7. h3 O-O 8. Nge2
e5 9. O-O Nd4 10. f4 Rb8 11. Qd2 Ne8 12. Rae1 Nc7 13. g4 exf4 14. Nxf4 b5
1/2-1/2

[Event "Bielefeld- Mülheim Nord 3"]
[Site "?"]
[Date "2022.09.25"]
[Round "2.7"]
[White "Grodotzki, Kenneth"]
[Black "Roemhild, Marcus"]
[Result "1/2-1/2"]
[WhiteElo "2037"]
[BlackElo "2049"]
[PlyCount "57"]
[SourceVersionDate "2023.06.22"]

1. f4 d5 2. Nf3 g6 3. g3 Bg7 4. Bg2 Nf6 5. O-O O-O 6. d3 b6 7. Qe1 Bb7 8. Nbd2
Nbd7 9. h3 c5 10. e4 dxe4 11. dxe4 e5 12. f5 Nh5 13. Nh4 Bf6 14. Nc4 Ba6 15. b3
Bxc4 16. bxc4 Bxh4 17. gxh4 Nf4 18. Bxf4 exf4 19. e5 Rb8 20. Rd1 Qc7 21. e6 Nf6
22. Qc3 fxe6 23. fxe6 Rbe8 24. Bd5 Re7 25. Qf3 Nh5 26. Rfe1 Ng7 27. Re4 Rf6 28.
Rde1 Qd6 29. Rf1 1/2-1/2

[Event "Bielefeld- Mülheim Nord 3"]
[Site "?"]
[Date "2022.09.25"]
[Round "2.8"]
[White "Doering, Carsten"]
[Black "Schmidt, Kevin"]
[Result "0-1"]
[WhiteElo "2053"]
[BlackElo "1941"]
[PlyCount "112"]
[SourceVersionDate "2023.06.22"]

1. d4 d5 2. c4 dxc4 3. e4 b5 4. a4 c6 5. Nc3 a6 6. axb5 cxb5 7. Nxb5 axb5 8.
Rxa8 Bb7 9. Rxb8 Qxb8 10. f3 e6 11. Ne2 f5 12. exf5 exf5 13. b3 Bd5 14. Nf4
Bb4+ 15. Kf2 Bf7 16. bxc4 bxc4 17. Qa4+ Kf8 18. Ba3 Be7 19. g3 g5 20. Nh3 g4
21. fxg4 fxg4 22. Nf4 Qb3 23. Qxb3 cxb3 24. Bb2 Bf6 25. Bg2 Ne7 26. Re1 Nf5 27.
Rd1 Kg7 28. Nd5 Rc8 29. Rd2 Bxd4+ 30. Rxd4 Nxd4 31. Bxd4+ Kf8 32. Ne3 Rb8 33.
Bb2 Rb5 34. Nxg4 Ra5 35. Ne3 Ra2 36. Nd1 Bg6 37. Ke3 Bc2 38. Kd2 Bxd1 39. Kc3
Ra7 40. Be4 Rc7+ 41. Kd4 Bc2 42. Bd5 Kg7 43. Ke5 Kg6 44. h4 h5 45. Be6 Re7 46.
Kd6 Ra7 47. Kc5 Ra4 48. Bc4 Kf5 49. Kb5 Ra7 50. Bd5 Kg4 51. Be5 Re7 52. Bf6 Re8
53. Kb4 Rb8+ 54. Ka3 Rb6 55. Be5 Rb5 56. Be6+ Bf5 0-1

[Event "Katernberg 2- Werden"]
[Site "?"]
[Date "2022.09.25"]
[Round "2.1"]
[White "Kaufeld, Juergen"]
[Black "Villwock, Martin"]
[Result "1-0"]
[WhiteElo "2268"]
[BlackElo "2117"]
[PlyCount "33"]
[SourceVersionDate "2023.06.22"]

1. d4 g6 2. e4 Bg7 3. Nc3 d6 4. Be3 a6 5. h4 h5 6. Nf3 b5 7. Ng5 Nh6 8. f3 Nd7
9. a4 b4 10. Nd5 Rb8 11. Qd2 b3 12. cxb3 Rxb3 13. Bc4 Rxe3+ 14. Nxe3 c5 15.
Bxf7+ Nxf7 16. Ne6 Qb6 17. Nd5 1-0

[Event "Katernberg 2- Werden"]
[Site "?"]
[Date "2022.09.25"]
[Round "2.2"]
[White "Scheck, Kyrill"]
[Black "Berger, Konstantin"]
[Result "1-0"]
[WhiteElo "2152"]
[BlackElo "2086"]
[PlyCount "63"]
[SourceVersionDate "2023.06.22"]

1. e4 c5 2. Nf3 d6 3. Bb5+ Nd7 4. O-O a6 5. Bd3 Ngf6 6. Re1 e6 7. c3 Be7 8. Bc2
O-O 9. d4 b5 10. e5 Nd5 11. Qd3 g6 12. Bh6 Re8 13. a3 Bb7 14. Nbd2 Qc7 15. Rac1
Red8 16. h4 dxe5 17. dxe5 c4 18. Qd4 Nc5 19. Qg4 Bf8 20. Bxf8 Kxf8 21. h5 Ne7
22. Qf4 Nd3 23. Bxd3 Rxd3 24. Qh6+ Ke8 25. Qxh7 gxh5 26. Ne4 Bxe4 27. Rxe4 Ng6
28. Qg8+ Nf8 29. Ng5 Ra7 30. Rf4 Rd7 31. Nxe6 Qxe5 32. Qxf8# 1-0

[Event "Katernberg 2- Werden"]
[Site "?"]
[Date "2022.09.25"]
[Round "2.3"]
[White "Kauch, Markus"]
[Black "Irkilmez, Yakub"]
[Result "1/2-1/2"]
[WhiteElo "2136"]
[BlackElo "2121"]
[Annotator "daniel"]
[PlyCount "66"]
[SourceVersionDate "2023.06.22"]

1. d4 Nf6 2. Bf4 e6 3. e3 c5 4. c3 Nc6 5. Nd2 d5 6. Bd3 Be7 7. Ngf3 O-O 8. Ne5
Bd6 9. Bg3 Ne7 10. f4 b6 11. O-O Bb7 12. Qf3 Nf5 13. Rad1 Be7 14. Bf2 Nd6 15.
Qh3 cxd4 16. exd4 Nfe4 17. Be3 f5 18. Qh5 Qe8 19. Qe2 a5 20. c4 $11 Nxd2 21.
Rxd2 Bf6 22. b3 a4 23. Rc2 axb3 24. axb3 Ra3 25. Rb1 Qa8 26. Nd7 dxc4 27. bxc4
Be4 28. Rd1 Bxd3 29. Rxd3 Rxd3 30. Qxd3 Rf7 31. Nxf6+ Rxf6 32. d5 exd5 33.
Qxd5+ Qxd5 1/2-1/2

[Event "Katernberg 2- Werden"]
[Site "?"]
[Date "2022.09.25"]
[Round "2.4"]
[White "Dahm, Bernd"]
[Black "Roth, Markus"]
[Result "1/2-1/2"]
[WhiteElo "2120"]
[BlackElo "2159"]
[PlyCount "64"]
[SourceVersionDate "2023.06.22"]

1. d4 d5 2. c4 dxc4 3. Nf3 Nf6 4. Qa4+ c6 5. Qxc4 b5 6. Qc2 e6 7. Bg5 Bb7 8. e3
Nbd7 9. Be2 a6 10. O-O c5 11. Rd1 c4 12. b3 cxb3 13. Qxb3 Be7 14. a4 b4 15. a5
O-O 16. Nbd2 h6 17. Bh4 Nd5 18. Bxe7 Qxe7 19. Rdc1 Rab8 20. Bc4 Nc3 21. Qc2
Rfc8 22. Qd3 Qd6 23. Qf1 Rc7 24. Rc2 e5 25. Rb2 exd4 26. Nxd4 Ne5 27. h3 Ng6
28. N2f3 Bc8 29. Rc1 Na4 30. Rbc2 Nc3 31. Rb2 Na4 32. Rbc2 Nc3 1/2-1/2

[Event "Katernberg 2- Werden"]
[Site "?"]
[Date "2022.09.25"]
[Round "2.5"]
[White "Ter Steeg, Marcus"]
[Black "Dette, Jan"]
[Result "1-0"]
[WhiteElo "2028"]
[BlackElo "2059"]
[Annotator "daniel"]
[PlyCount "71"]
[SourceVersionDate "2023.06.22"]

1. d4 Nf6 2. c4 e6 3. Nf3 d5 4. Nc3 c5 5. cxd5 Nxd5 6. e4 Nxc3 7. bxc3 cxd4 8.
cxd4 Bb4+ 9. Bd2 Bxd2+ 10. Qxd2 O-O 11. Bb5 a6 12. Be2 b5 13. O-O Bb7 14. Qe3
Nc6 15. Rfd1 Rc8 16. a4 b4 17. Rab1 Re8 18. Qd2 Qe7 19. Bf1 Red8 20. d5 exd5
21. exd5 Ne5 22. Nxe5 Qxe5 23. Qxb4 Bxd5 24. Bxa6 Rb8 25. Qh4 g5 26. Rxb8 Rxb8
27. Qg3 Qxg3 28. hxg3 Bc6 $11 29. Bb5 Bxb5 30. Rb1 Kf8 31. axb5 Ke7 32. b6 Kd6
33. Kf1 Rb7 34. Ke2 f5 35. Ke3 Kc5 36. g4 1-0

[Event "Katernberg 2- Werden"]
[Site "?"]
[Date "2022.09.25"]
[Round "2.6"]
[White "Gorainow, Nikita"]
[Black "Huette, Stefan"]
[Result "1/2-1/2"]
[WhiteElo "2001"]
[BlackElo "2042"]
[PlyCount "53"]
[SourceVersionDate "2023.06.22"]

1. e4 e6 2. d4 d5 3. Nc3 dxe4 4. Nxe4 Bd7 5. Bd3 Bc6 6. Nf3 Nd7 7. Bg5 Be7 8.
Bxe7 Qxe7 9. Qe2 Bxe4 10. Bxe4 Ngf6 11. O-O Nxe4 12. Qxe4 c6 13. c4 Nf6 14. Qc2
O-O 15. Rad1 Rfd8 16. Rfe1 Rac8 17. Ne5 Nd7 18. Ng4 Nf6 19. Ne5 Nd7 20. Ng4 Nf6
21. Ne3 Qc7 22. Rd2 Rd7 23. g3 Rcd8 24. Red1 Qa5 25. a3 Qh5 26. Kg2 Ng4 27. h3
1/2-1/2